000 00357nam a2200133Ia 4500
005 20260326100043.0
008 260326s9999||||xx |||||||||||||| ||und||
100 _aVélez Catrain, Antonio
245 0 _aIdeas Urbanas para Santo Domingo 2002 /
_cAntonio Vélez Catrain
260 _bAmigos del Hogar
300 _a160 p.
650 _aURBANISMO
942 _cBK
999 _c7080
_d7080